000 005410000a22001930004500
003 LK-CoMWRAF
005 20231004100707.0
008 230817t1987 ||||| |||| 00| 0 eng d
020 _a0861876601
040 _aLK-CoMWRAF
_dLK-CoMWRAF
_eLK-CoMWRAF
041 _aeng
082 _a291.1
_bEQU
245 _aEquality and the religious traditions of Asia
260 _aLondon:
_bFrances Pinter,
_c1987
300 _a173 p. ; 24 cm.
_bIndex included
650 _aEQUALITY-Religious aspects
700 _aSiriwardena, R.
_eed.
942 _cBK
999 _c2091
_d2091